00939cam a22002411i 4500001001300000003000400013005001700017008004100034010001700075020001200092025002100104035001900125040001800144042001200162050001700174130003500191245027900226260006700505300003300572500001600605650004700621650002900668sa 68020784 DLC20260227112727.0801203s1967 ii a 000 0 tibo  asa 68020784  cRs13.50 aPL480: I-Tib-147 a(OCoLC)6992832 aDLCcInUdDLC apremarc00aBQ7695b.L750 aSmon lam rnam dgukSelections.10aLtuṅ bśags :bSpyi bśags, Gtso rgyal ma, Bzaṅ spyod, Byams smon, Spyod ʼjug, Thog mthaʼ ma, Bde smon, Byams paʼi sku gzugs, Bde chen lhun grub, Bar doʼi gsol ʼdebs, Blo bzaṅ rgyas bstan ma, Rje Rin po cheʼi bstan pa daṅ mjal paʼi smon lam bcas bźugs so. a[Ldi-lli :bLha-dbaṅ-nor-bu daṅ Groṅ-rog-lha-mo,c1967?] a134 p. :bill. ;c8 x 30 cm. aIn Tibetan. 0aDge-lugs-pa (Sect)vPrayers and devotions. 0aTibetan languagevTexts.